[Event "WchT Seniors 65"]
[Site "Prague"]
[Date "2025.02.25"]
[Round "8.15"]
[White "Lederman, Leon S"]
[Black "Malmdin, Nils Ake"]
[Result "1/2-1/2"]
[WhiteElo "2198"]
[BlackElo "2094"]
[PlyCount "81"]
[EventDate "2025.02.17"]
[EventType "team-swiss"]
[EventRounds "9"]
[EventCountry "CZE"]
[SourceTitle "CB09_2025"]
[SourceDate "2025.02.27"]
[SourceVersion "1"]
[SourceVersionDate "2025.02.27"]
[SourceQuality "1"]
[WhiteTeam "Israel 65"]
[BlackTeam "Sweden 65"]
[WhiteTeamCountry "ISR"]
[BlackTeamCountry "SWE"]

1. e4 c5 2. Nf3 Nc6 3. d4 cxd4 4. Nxd4 g6 5. Nc3 Bg7 6. Be3 Nf6 7. Be2 0-0 8. 0-0 d5 9. Nxc6 bxc6 10. e5 Nd7 11. f4 a5 12. Na4 e6 13. c4 Ba6 14. Rc1 Qb8 15. Qc2 Rc8 16. Rfd1 Bf8 17. b3 Ba3 18. Rb1 Be7 19. Bd3 Bb7 20. Qe2 c5 21. cxd5 Bxd5 22. Rbc1 Bc6 23. Bf2 Qb7 24. Qg4 Bd5 25. h4 h5 26. Qg3 Kh7 27. Nc3 Bc6 28. Re1 a4 29. bxa4 Bxa4 30. Ne4 Bc6 31. Ng5+ Bxg5 32. Qxg5 Rxa2 33. f5 exf5 34. e6 f6 35. Qf4 Ne5 36. Rxe5 fxe5 37. Qxe5 Qb2 38. Qxb2 Rxb2 39. Rxc5 Rbb8 40. e7 Be8 41. Re5 1/2-1/2

[Event "Wch Seniors 65 32nd"]
[Site "Porto Santo"]
[Date "2024.11.28"]
[Round "11"]
[White "Malmdin, Nils Ake"]
[Black "Lederman, Leon S"]
[Result "0-1"]
[WhiteElo "2058"]
[BlackElo "2201"]
[PlyCount "98"]
[EventDate "2024.11.17"]
[EventType "swiss"]
[EventRounds "11"]
[EventCountry "POR"]
[SourceTitle "CB49_2024"]
[SourceDate "2024.12.04"]
[SourceVersion "1"]
[SourceVersionDate "2024.12.04"]
[SourceQuality "1"]

1. e4 c5 2. Nf3 d6 3. Nc3 a6 4. d4 cxd4 5. Nxd4 Nf6 6. f4 e5 7. Nf3 Qc7 8. Bd3 g6 9. fxe5 dxe5 10. Bg5 Nbd7 11. Qd2 Bg7 12. 0-0-0 0-0 13. h3 b5 14. Bh6 Bb7 15. a3 Nc5 16. Bxg7 Kxg7 17. Qg5 Ncxe4 18. Nxe4 Nxe4 19. Bxe4 Bxe4 20. Rd2 Rad8 21. Rhd1 Rxd2 22. Rxd2 Re8 23. Qe3 Bb7 24. Kb1 f5 25. g3 Re7 26. Re2 Be4 27. Ng5 Bd5 28. h4 Qc4 29. b3 Qc6 30. Nh3 a5 31. Kb2 a4 32. Qc3 Qf6 33. Nf4 Bf3 34. Re3 Bb7 35. Nd3 axb3 36. cxb3 e4 37. Nc5 Bc6 38. Qxf6+ Kxf6 39. Kc3 h6 40. Kb4 g5 41. hxg5+ hxg5 42. a4 bxa4 43. bxa4 f4 44. gxf4 gxf4 45. Re1 f3 46. Kc3 Kf5 47. Kd2 Re5 48. Nb3 Rd5+ 49. Kc1 f2 0-1

[Event "EU-ch Seniors 65"]
[Site "Lignano Sabbiadoro"]
[Date "2024.11.01"]
[Round "8"]
[White "Pomes Marcet, Juan"]
[Black "Malmdin, Nils Ake"]
[Result "1/2-1/2"]
[WhiteElo "2201"]
[BlackElo "2059"]
[PlyCount "66"]
[EventDate "2024.10.25"]
[EventType "swiss"]
[EventRounds "9"]
[EventCountry "ITA"]
[SourceTitle "CB45_2024"]
[Source "ChessBase"]
[SourceDate "2024.11.06"]
[SourceVersion "1"]
[SourceVersionDate "2024.11.06"]
[SourceQuality "1"]

1. d4 Nf6 2. c4 e6 3. Nc3 Bb4 4. e3 b6 5. Nge2 Ba6 6. a3 Bxc3+ 7. Nxc3 d5 8. b3 0-0 9. Be2 Nc6 10. cxd5 Bxe2 11. Nxe2 exd5 12. 0-0 Qd7 13. Qd3 Nd8 14. f3 Re8 15. Bd2 Nb7 16. Rac1 c6 17. Qa6 Nd6 18. Nf4 Rac8 19. Nd3 Qb7 20. Qxb7 Nxb7 21. Rc2 c5 22. Rfc1 Rb8 23. g4 h6 24. Kf2 g5 25. Ne5 Re6 26. Be1 Rbe8 27. Kg2 Nh7 28. Bf2 Nf8 29. Nd3 Nd7 30. Rc3 R8e7 31. R3c2 Re8 32. Rc3 R8e7 33. R3c2 Re8 1/2-1/2

[Event "Ostersund Storsjodraget op"]
[Site "Ostersund"]
[Date "2022.06.10"]
[Round "2"]
[White "Kashwan, Hassan"]
[Black "Malmdin, Nils Ake"]
[Result "1-0"]
[WhiteElo "1903"]
[BlackElo "2149"]
[PlyCount "155"]
[EventDate "2022.06.10"]
[EventType "swiss"]
[EventRounds "7"]
[EventCountry "SWE"]
[SourceTitle "CBM 208 Extra"]
[Source "ChessBase"]
[SourceDate "2022.07.31"]
[SourceVersion "1"]
[SourceVersionDate "2022.07.31"]
[SourceQuality "1"]

1. d4 Nf6 2. Nf3 g6 3. Bf4 d6 4. h3 Bg7 5. Nbd2 b6 6. e3 Bb7 7. Bc4 e6 8. Qe2 a6 9. a4 0-0 10. 0-0 Nbd7 11. Rfd1 h6 12. c3 Qe7 13. Nf1 Nh5 14. Bh2 Kh7 15. Bd3 e5 16. dxe5 dxe5 17. Bc2 e4 18. Nd4 Ne5 19. Nb3 Rad8 20. Rd2 f5 21. Rad1 Rxd2 22. Nfxd2 Rd8 23. Nd4 c5 24. Nxf5 gxf5 25. Qxh5 Bc8 26. Bf4 Nd3 27. Bxd3 Rxd3 28. Nc4 b5 29. axb5 axb5 30. Nd6 b4 31. cxb4 Rxd1+ 32. Qxd1 Qd7 33. bxc5 Ba6 34. Qd5 Bxb2 35. Qxf5+ Qxf5 36. Nxf5 Bb5 37. Nxh6 Ba3 38. Ng4 Bxc5 39. Nf6+ Kg6 40. Nxe4 Bb6 41. g4 Bc6 42. f3 Bb7 43. Kf2 Bd8 44. Kg3 Bb6 45. h4 Bd8 46. h5+ Kh7 47. g5 Bc8 48. Nd6 Be6 49. g6+ Kg7 50. Ne4 Bf5 51. Ng5 Bf6 52. e4 Bd7 53. Nh3 Be7 54. Be5+ Kh6 55. Nf4 Bf8 56. Bf6 Bc8 57. g7 Bxg7 58. Bxg7+ Kxg7 59. Kh4 Kh6 60. Nd5 Ba6 61. Ne7 Be2 62. Nf5+ Kh7 63. Kg4 Bd1 64. Kf4 Be2 65. e5 Bc4 66. Kg5 Bd5 67. Kf6 Bxf3 68. h6 Bc6 69. e6 Bf3 70. e7 Bh5 71. Kg5 Be8 72. Nd6 Bd7 73. e8Q Bxe8 74. Nxe8 Kg8 75. Kg6 Kh8 76. Nd6 Kg8 77. Nf7 Kf8 78. h7 1-0

[Event "EUR-chT Seniors 65"]
[Site "Prague"]
[Date "2021.09.02"]
[Round "4.3"]
[White "Malmdin, Nils Ake"]
[Black "Becvar, Miroslav"]
[Result "1-0"]
[WhiteElo "2150"]
[BlackElo "1863"]
[PlyCount "81"]
[EventDate "2021.08.30"]
[EventType "team-swiss"]
[EventRounds "9"]
[EventCountry "CZE"]
[SourceTitle "CBM 204 Extra"]
[Source "ChessBase"]
[SourceDate "2021.11.30"]
[SourceVersion "1"]
[SourceVersionDate "2021.11.30"]
[SourceQuality "1"]
[WhiteTeam "Sweden 65"]
[BlackTeam "Plzen 64"]
[WhiteTeamCountry "SWE"]
[BlackTeamCountry "CZE"]

1. e4 e6 2. d4 d5 3. e5 c5 4. c3 Nc6 5. Nf3 cxd4 6. cxd4 Bb4+ 7. Nc3 Nge7 8. Bd3 Ng6 9. h4 Qc7 10. Qc2 a6 11. Bg5 Be7 12. h5 Nb4 13. Qd1 Nxd3+ 14. Qxd3 Nf8 15. h6 g6 16. Rc1 Qd8 17. Qd2 Bd7 18. a4 Rc8 19. Qf4 Rc4 20. 0-0 Bc6 21. b3 Rb4 22. Bxe7 Qxe7 23. Nd2 a5 24. Na2 Rb6 25. Rc5 Nd7 26. Rxa5 0-0 27. b4 Rxb4 28. Nxb4 Qxb4 29. Rc5 f6 30. Rxc6 bxc6 31. Rb1 fxe5 32. Qg5 Qd6 33. dxe5 Nxe5 34. Rb7 Nd7 35. a5 Qe5 36. Nf3 Qa1+ 37. Kh2 Rf7 38. Qd8+ Nf8 39. Rxf7 Kxf7 40. Qc7+ Kf6 41. Qg7+ 1-0

[Event "WchT Seniors 65"]
[Site "Prague"]
[Date "2020.03.12"]
[Round "7.4"]
[White "Malmdin, Nils Ake"]
[Black "Buchal, Stephan"]
[Result "1/2-1/2"]
[WhiteElo "2168"]
[BlackElo "2276"]
[PlyCount "47"]
[EventDate "2020.03.06"]
[EventType "team-swiss"]
[EventRounds "7"]
[EventCountry "CZE"]
[SourceTitle "CBM 195 Extra"]
[Source "ChessBase"]
[SourceDate "2020.05.31"]
[SourceVersion "1"]
[SourceVersionDate "2020.05.31"]
[SourceQuality "1"]
[WhiteTeam "Sweden 65"]
[BlackTeam "Germany 65"]
[WhiteTeamCountry "SWE"]
[BlackTeamCountry "GER"]

1. e4 d6 2. d4 g6 3. Nc3 Bg7 4. Be3 a6 5. h4 h5 6. Qd2 b5 7. 0-0-0 Bb7 8. f3 Nd7 9. Nh3 Rc8 10. Ng5 e6 11. Kb1 Ngf6 12. Bf4 Qe7 13. Bd3 e5 14. Be3 exd4 15. Bxd4 c5 16. Bf2 b4 17. Nd5 Nxd5 18. exd5 0-0 19. Rhe1 Qf6 20. Qc1 Nb6 21. Ne4 Qd8 22. Qg5 Na4 23. Qxd8 Rfxd8 24. b3 1/2-1/2

[Event "Wch Seniors 65 29th"]
[Site "Bucharest"]
[Date "2019.11.21"]
[Round "9"]
[White "Malmdin, Nils Ake"]
[Black "Anguera Maestro, Jaime"]
[Result "1-0"]
[WhiteElo "2172"]
[BlackElo "2024"]
[PlyCount "42"]
[EventDate "2019.11.12"]
[EventType "swiss"]
[EventRounds "11"]
[EventCountry "ROU"]
[SourceTitle "CBM 193 Extra"]
[Source "ChessBase"]
[SourceDate "2020.01.31"]
[SourceVersion "1"]
[SourceVersionDate "2020.01.31"]
[SourceQuality "1"]

1. e4 d6 2. d4 c6 3. Nc3 g6 4. f4 Bg7 5. Nf3 Bg4 6. Be2 e6 7. 0-0 Ne7 8. d5 0-0 9. dxe6 Bxe6 10. Ng5 h6 11. Nxe6 fxe6 12. Bg4 e5 13. Be6+ Kh7 14. f5 Na6 15. fxg6+ Nxg6 16. Bf5 Qf6 17. Qh5 Nc5 18. Rf3 Ne6 19. Rg3 Nef4 20. Bxf4 exf4 21. Rxg6 Qd8 1-0

[Event "Wch Seniors 65 29th"]
[Site "Bucharest"]
[Date "2019.11.18"]
[Round "6"]
[White "Sorensen, Bent"]
[Black "Malmdin, Nils Ake"]
[Result "0-1"]
[WhiteElo "2043"]
[BlackElo "2172"]
[PlyCount "108"]
[EventDate "2019.11.12"]
[EventType "swiss"]
[EventRounds "11"]
[EventCountry "ROU"]
[SourceTitle "CBM 193 Extra"]
[Source "ChessBase"]
[SourceDate "2020.01.31"]
[SourceVersion "1"]
[SourceVersionDate "2020.01.31"]
[SourceQuality "1"]

1. Nf3 c5 2. g3 g6 3. Bg2 Bg7 4. 0-0 Nc6 5. e3 d6 6. d4 Bg4 7. c3 Qc8 8. Re1 Bh3 9. Bh1 h5 10. dxc5 dxc5 11. Qd5 Nd8 12. Ng5 Nf6 13. Qe5 h4 14. Nxh3 Qxh3 15. Bg2 Qxh2+ 16. Kxh2 Ng4+ 17. Kg1 Nxe5 18. gxh4 Nd3 19. Rd1 Nxc1 20. Rxc1 Rc8 21. Nd2 Rxh4 22. Rd1 b5 23. Nf3 Ra4 24. Rd5 Nb7 25. Bf1 a6 26. Rd2 Nd6 27. Rc2 Kd7 28. Bh3+ f5 29. b3 Re4 30. Rd1 Bf6 31. Kf1 Kc7 32. Ke2 Rh8 33. Bg2 Rg4 34. Bh1 Ne4 35. Rdc1 Kb6 36. b4 cxb4 37. cxb4 Nc3+ 38. Rxc3 Bxc3 39. Rxc3 Rxh1 40. Ne5 Rxb4 41. Rc6+ Kb7 42. Re6 Rb2+ 43. Kf3 Rxa2 44. Nxg6 Rf1 45. Nxe7 Rfxf2+ 46. Kg3 b4 47. Nd5 a5 48. Rb6+ Ka7 49. Rb5 Rf1 50. Nf4 Ra3 51. Kg2 Re1 52. Rxf5 Rexe3 53. Kf2 Re7 54. Nd5 Rb7 0-1

[Event "EU-ch Seniors 65 19th"]
[Site "Rhodes"]
[Date "2019.04.13"]
[Round "8"]
[White "Renman, Nils Gustaf"]
[Black "Malmdin, Nils Ake"]
[Result "1-0"]
[WhiteElo "2358"]
[BlackElo "2121"]
[PlyCount "67"]
[EventDate "2019.04.06"]
[EventType "swiss"]
[EventRounds "9"]
[EventCountry "GRE"]
[SourceTitle "CBM 189 Extra"]
[Source "ChessBase"]
[SourceDate "2019.05.31"]
[SourceVersion "1"]
[SourceVersionDate "2019.05.31"]
[SourceQuality "1"]

1. d4 Nf6 2. Nf3 g6 3. c4 Bg7 4. Nc3 0-0 5. e4 d6 6. Be3 Ng4 7. Bg5 h6 8. Bh4 g5 9. Bg3 f5 10. exf5 Bxf5 11. Bd3 e6 12. h4 gxh4 13. Rxh4 Nc6 14. Qe2 Qf6 15. 0-0-0 Nb4 16. Bxf5 exf5 17. a3 Rae8 18. Qd2 Na6 19. Nd5 Qf7 20. Qc2 c6 21. Nf4 b5 22. Nh5 Qxc4 23. Qxc4+ bxc4 24. Nxg7 Kxg7 25. Bxd6 Rf6 26. Be5 Nxe5 27. dxe5 Rfe6 28. Rxc4 Nb8 29. g3 Kf7 30. Rf4 Kg6 31. Nh4+ Kh7 32. Rxf5 Rxe5 33. Rf7+ Kg8 34. Rxa7 1-0

[Event "Sundsvall op"]
[Site "Sundsvall"]
[Date "2019.01.05"]
[Round "6"]
[White "Attefall, Fredrik"]
[Black "Malmdin, Nils Ake"]
[Result "0-1"]
[WhiteElo "1970"]
[BlackElo "2122"]
[PlyCount "58"]
[EventDate "2019.01.04"]
[EventType "swiss"]
[EventRounds "8"]
[EventCountry "SWE"]
[SourceTitle "CBM 188 Extra"]
[Source "ChessBase"]
[SourceDate "2019.02.28"]
[SourceVersion "1"]
[SourceVersionDate "2019.02.28"]
[SourceQuality "1"]

1. e4 g6 2. d4 Bg7 3. c4 d6 4. f4 c5 5. d5 e6 6. Nc3 exd5 7. cxd5 a6 8. a4 Qh4+ 9. g3 Qe7 10. Bg2 Nh6 11. Nge2 0-0 12. 0-0 Bg4 13. h3 Bxe2 14. Qxe2 Nd7 15. g4 f6 16. Be3 Nf7 17. Rfe1 Rfe8 18. Rad1 Qd8 19. Qc2 Qa5 20. Bd2 Qc7 21. Be3 Rab8 22. Qe2 Re7 23. Rc1 Rbe8 24. Qf2 Qb8 25. Bf1 f5 26. exf5 Rxe3 27. Rxe3 Rxe3 28. fxg6 hxg6 29. Ne2 Qe8 0-1

[Event "Sundsvall op"]
[Site "Sundsvall"]
[Date "2019.01.04"]
[Round "3"]
[White "Malmdin, Nils Ake"]
[Black "Ernst, Thomas"]
[Result "1/2-1/2"]
[WhiteElo "2122"]
[BlackElo "2329"]
[PlyCount "61"]
[EventDate "2019.01.04"]
[EventType "swiss"]
[EventRounds "8"]
[EventCountry "SWE"]
[SourceTitle "CBM 188 Extra"]
[Source "ChessBase"]
[SourceDate "2019.02.28"]
[SourceVersion "1"]
[SourceVersionDate "2019.02.28"]
[SourceQuality "1"]

1. e4 c5 2. Nf3 d6 3. Nc3 Nf6 4. e5 dxe5 5. Nxe5 a6 6. g3 e6 7. Bg2 Bd6 8. Nc4 Be7 9. a4 a5 10. 0-0 0-0 11. Nb5 Nc6 12. c3 Rb8 13. d3 Nd5 14. Qe2 b6 15. f4 Bf6 16. g4 Be7 17. Bd2 Re8 18. Rf3 Ba6 19. Rh3 Bf8 20. g5 g6 21. Qg4 h5 22. gxh6 Kh7 23. Re1 Bc8 24. Ne5 Nxe5 25. fxe5 f5 26. exf6 Nxf6 27. Qf4 Bb7 28. Bxb7 Rxb7 29. Rf1 Rf7 30. Rhf3 Be7 31. Qe5 1/2-1/2

[Event "Wch Seniors 65 28th"]
[Site "Bled"]
[Date "2018.11.29"]
[Round "11"]
[White "Malmdin, Nils Ake"]
[Black "Batakovs, Olegs N"]
[Result "1/2-1/2"]
[WhiteElo "2126"]
[BlackElo "1945"]
[PlyCount "83"]
[EventDate "2018.11.18"]
[EventType "swiss"]
[EventRounds "11"]
[EventCountry "SLO"]
[SourceTitle "EXT 2020"]
[Source "ChessBase"]
[SourceDate "2019.10.17"]
[SourceVersion "1"]
[SourceVersionDate "2019.10.17"]
[SourceQuality "1"]

1. e4 c5 2. Nf3 e6 3. d4 cxd4 4. Nxd4 Nc6 5. Nc3 Qc7 6. Be3 a6 7. Bd3 Nf6 8. 0-0 Be7 9. Kh1 d6 10. a4 Nxd4 11. Bxd4 e5 12. Be3 Be6 13. a5 0-0 14. Qe2 Rac8 15. f4 exf4 16. Rxf4 Nd7 17. Nd5 Bxd5 18. exd5 Ne5 19. Bb6 Qb8 20. Bf5 Rce8 21. c4 g6 22. Bc2 Bg5 23. Rff1 Nd7 24. Qg4 Nxb6 25. axb6 Be3 26. Ra3 Re5 27. Rb3 Qc8 28. Qf3 Qxc4 29. Rc3 Qf4 30. Qxf4 Bxf4 31. Rc7 Re2 32. Bd3 Rd2 33. Bc4 Be3 34. b3 Bxb6 35. Rxb7 Bc5 36. Bxa6 Ra8 37. Rfxf7 Rd1+ 38. Bf1 Raa1 39. Rg7+ Kf8 40. Rgf7+ Ke8 41. Rfe7+ Kd8 42. Red7+ 1/2-1/2